Un momento de paz : reflexiones para enaltecer el alma /
Obra en formato pequeño que incluye breves citas de la obra escrita del Papa Juan Pablo II que manifiestan su empeño por la paz y en las que manifiesta el amor, la esperanza, la alegría, la familia y que funcionan como pequeñas oraciones para la meditación cristiana.
Furkejuvvon:
| Searvvušdahkki: | |
|---|---|
| Eará dahkkit: | |
| Materiálatiipa: | Girji |
| Giella: | espánnjágiella |
| Almmustuhtton: |
México :
Selector,
2002, c1996
|
| Fáttát: | |
| Fáddágilkorat: |
Eai fáddágilkorat, Lasit vuosttaš fáddágilkora!
|
MARC
| LEADER | 00000nam^a2200000^a^4500 | ||
|---|---|---|---|
| 001 | 000319298 | ||
| 005 | 20250521000000.0 | ||
| 009 | 20260310113437.709 | ||
| 020 | |a 968-403-923-9 | ||
| 037 | |a Acervo ITESO - Biblioteca | ||
| 041 | |a ESP | ||
| 082 | |a 242. |b IGL | ||
| 110 | |a Iglesia Católica. |b Papa (1978-2005 : Juan Pablo II) | ||
| 245 | 1 | 3 | |a Un momento de paz : |b reflexiones para enaltecer el alma / |c Juan Pablo II ; tr. por Jazmín Ramírez Berlioz. |
| 264 | 4 | |a México : |b Selector, |c 2002, c1996 | |
| 300 | |a 127 p. | ||
| 336 | |a texto |b txt |2 rdacontenido | ||
| 337 | |a sin mediación |b n |2 rdamedio | ||
| 338 | |a volumen |b nc |2 rdasoporte | ||
| 500 | |a Traducción de: A Moment's Peace | ||
| 520 | |a Obra en formato pequeño que incluye breves citas de la obra escrita del Papa Juan Pablo II que manifiestan su empeño por la paz y en las que manifiesta el amor, la esperanza, la alegría, la familia y que funcionan como pequeñas oraciones para la meditación cristiana. | ||
| 649 | |a XX | ||
| 650 | |a Meditación - |x Tema Principal | ||
| 650 | |a Oración (Religión) | ||
| 650 | |a Vida Cristiana | ||
| 650 | |a Catolicismo | ||
| 650 | |a Cristianismo | ||
| 650 | |a Religión | ||
| 650 | |a Literatura Religiosa | ||
| 700 | |a Wojtyla, Karol |e (autor) | ||
| 910 | |a Fondo General | ||
| 920 | |a Impresos - Libros | ||
| 930 | |a Colección General | ||
| 905 | |a 101 | ||
| 901 | |a 0500206552 |b IT1 |c ACC |u 20250521 | ||
| 902 | |a https://opac.biblio.iteso.mx/vufind/Record/000319298 | ||